Wszystkie piosenki - TACONAFIDE - Statystyki

Ogólne statystyki
  • Ten quiz został rozwiązany 163 razy
    120 od ostatniego zresetowania
  • Średni wynik to 19 z 26
Statystyki odpowiedzi
Hint Odpowiedź % Poprawnych
Soma 0,5 mg Tamagotchi
97%
0,25 mg Tamagotchi - Remix (feat. Dawid Podsiadło)
97%
Soma 0,5 mg 8 kobiet
96%
0,25 mg 8 kobiet - Remix (feat Bedoes)
96%
Soma 0,5 mg Kryptowaluty
90%
Soma 0,5 mg Visa
82%
0,25 mg Visa - Remix (feat. KęKę)
82%
Soma 0,5 mg Nóz
79%
Soma 0,5 mg Soma
77%
Soma 0,5 mg Ekodiesel
76%
0,25 mg Ekodiesel - Remix (feat. Paluch)
76%
Soma 0,5 mg Art-B
75%
Soma 0,5 mg Intro
75%
Soma 0,5 mg Sectumsempra
72%
0,25 mg Outro
68%
Soma 0,5 mg Metallica 808
67%
Soma 0,5 mg Mleko & miód
65%
Soma 0,5 mg Wiem
64%
0,25 mg Wiem - Remix (feat. Kaz Bałagane)
64%
0,25 mg Moje demony uciekły na urlop (feat. Białas)
59%
Soma 0,5 mg Giro d'Italia
58%
0,25 mg Leonardo
58%
Soma 0,5 mg PIN
58%
0,25 mg C3PO
57%
0,25 mg TLC
54%
0,25 mg Benevento
52%
Nie znaleziono quizów pasujących do podanych kryteriów
Rozkład punktacji
Procent ludzi z każdym wynikiem
Percentyl według liczby udzielonych odpowiedzi
Twoja historia wyników
Nie rozwiązałeś tego quizu od ostatniego zresetowania